name that historical figure - Statistics

General Stats
  • This quiz has been taken 41 times
  • The average score is 10 of 15
Answer Stats
Picture Answer % Correct
ludwig von beethoven
94%
queen elizabeth I
92%
william shakespeare
92%
cleopatra
89%
isaac newton
86%
joan of arc
83%
leonardo da vinci
81%
christopher columbus
75%
thomas edison
72%
thomas jefferson
67%
plato
53%
mohandas gandhi
39%
marco polo
22%
michelangelo
14%
johann gutenberg
6%
No matching quizzes found
Score Distribution
Percent of People with Each Score
Percentile by Number Answered
Your Score History
You have not taken this quiz